000
00210 a2200097 4500
001
42364
100
_a
Wyckoff J
245
_a
Secrets of the Earth
260
_a
_b
Hamlyn Publishing
_c
090
_c
26299
_d
26299
942
_a
NUST-CAE
_c
M
_c
18112
999
_c
277437
_d
277437